| 000 | 00423nam a22001457a 4500 | ||
|---|---|---|---|
| 020 | _a978-9693515765 | ||
| 082 |
_a891.4393 _bPAN |
||
| 245 |
_aFasana e Azad/ _bBy:Rathan Nath Sarshar |
||
| 260 |
_aاسلام آباد: _bپورب اکیڈی, _c2005 |
||
| 300 | _a1148p.; | ||
| 563 | _aHB | ||
| 880 |
_6100-01\r _aرتن ناتھ سر شار |
||
| 880 |
_6245-02\r _aفسانۂ آزاد (جلد سوم) |
||
| 942 |
_2ddc _cBK |
||
| 999 |
_c613216 _d613216 |
||